| 000 | 00773nam a22002052i 4500 | ||
|---|---|---|---|
| 001 | 163996 | ||
| 003 | ES-MaACL | ||
| 005 | 20251005063128.0 | ||
| 008 | 951121s1899 fr |||| | fre d | ||
| 040 |
_aCAT _bspa _cCAT _dCCPB |
||
| 080 | 4 | _a840-2"18" | |
| 100 |
_aRostand, Edmond, _d1868-1918 _9223928 |
||
| 245 | 1 | 0 |
_aCyrano de Bergerac _b: comédie héroïque en cinq actes en vers / _cEdmond Rostand. |
| 260 |
_aParis : _bLibrairie Charpentier et Fasquelle : _bEugène Fasquelle, _c1899. |
||
| 300 |
_a225 p. ; _c19 cm. |
||
| 500 | _aEn port.: "Répresentée à Paris sur le Théatre de la Porte Saint-Martin le 28 décembre 1897" i "173e mille" | ||
| 752 |
_aFrancia - _dParís |
||
| 852 |
_aES-MaACL _jF-7790 _z-- Enc. pasta |
||
| 999 |
_c163996 _d163996 |
||